[Event "UKR-ch sf"]
[Site "Omelnyk"]
[Date "2018.11.02"]
[Round "8"]
[White "Neverov, Valeriy"]
[Black "Gayun, Dmytro"]
[Result "1-0"]
[WhiteElo "2488"]
[BlackElo "2234"]
[PlyCount "93"]
[EventDate "2018.10.26"]
[EventType "swiss"]
[EventRounds "9"]
[EventCountry "UKR"]
[SourceTitle "CBM 187 Extra"]
[Source "ChessBase"]
[SourceDate "2018.11.04"]
[SourceVersion "1"]
[SourceVersionDate "2018.11.04"]
[SourceQuality "1"]

1. d4 Nf6 2. Nf3 e6 3. c4 b6 4. g3 Bb7 5. Bg2 Be7 6. 0-0 0-0 7. Nc3 Ne4 8. Bd2 f5 9. Qc2 Nxc3 10. Bxc3 Be4 11. Qd2 d6 12. Ne1 Bxg2 13. Nxg2 Nd7 14. Rae1 Bf6 15. e4 fxe4 16. Rxe4 e5 17. dxe5 Bxe5 18. Bxe5 Nxe5 19. f4 Nd7 20. Rfe1 Nf6 21. Re7 Rf7 22. R7e2 d5 23. Ne3 dxc4 24. Nxc4 Qxd2 25. Rxd2 c5 26. a4 Rc7 27. Kg2 Kf8 28. Kf3 Re8 29. Rxe8+ Kxe8 30. g4 Rd7 31. Rxd7 Kxd7 32. g5 Nd5 33. Ke4 Nb4 34. f5 Ke7 35. h4 Nc2 36. Ne5 a6 37. Nc6+ Kd6 38. h5 Kxc6 39. f6 gxf6 40. g6 f5+ 41. Kd3 hxg6 42. h6 Nb4+ 43. Kd2 b5 44. h7 bxa4 45. h8Q Kb5 46. Qb8+ Kc4 47. Qg8+ 1-0

[Event "UKR-ch U16"]
[Site "Vinnytsia"]
[Date "2018.03.16"]
[Round "11"]
[White "Gayun, Dmytro"]
[Black "Kukelko, Alexey"]
[Result "1-0"]
[WhiteElo "2263"]
[BlackElo "2163"]
[PlyCount "83"]
[EventDate "2018.03.07"]
[EventType "tourn"]
[EventRounds "11"]
[EventCountry "UKR"]
[SourceTitle "CBM 183 Extra"]
[Source "ChessBase"]
[SourceDate "2018.04.19"]
[SourceVersion "1"]
[SourceVersionDate "2018.04.19"]
[SourceQuality "1"]

1. d4 d5 2. c4 e6 3. Nc3 c6 4. e4 Bb4 5. e5 Ne7 6. a3 Bxc3+ 7. bxc3 c5 8. Be3 cxd4 9. cxd4 dxc4 10. Bxc4 Nbc6 11. Nf3 b6 12. 0-0 Bb7 13. Qe2 0-0 14. Ba6 Bxa6 15. Qxa6 Qd5 16. Rac1 Rac8 17. Rfd1 h6 18. Rd3 Qa5 19. Qxa5 Nxa5 20. Rdc3 Rxc3 21. Rxc3 Rc8 22. Rxc8+ Nxc8 23. Kf1 Kf8 24. Ke2 Nc4 25. Bc1 b5 26. Nd2 Nxd2 27. Bxd2 Ke8 28. g4 Ne7 29. h4 Nd5 30. h5 Kd7 31. Kd3 Ke7 32. Ke4 Ke8 33. f4 a6 34. Bb4 Nb6 35. f5 Nd5 36. Kf3 Ne7 37. Bxe7 Kxe7 38. Ke4 a5 39. d5 b4 40. axb4 exd5+ 41. Kxd5 axb4 42. Ke4 1-0

[Event "UKR-ch U16"]
[Site "Vinnytsia"]
[Date "2018.03.11"]
[Round "6"]
[White "Matviishen, Viktor"]
[Black "Gayun, Dmytro"]
[Result "1/2-1/2"]
[WhiteElo "2435"]
[BlackElo "2263"]
[PlyCount "96"]
[EventDate "2018.03.07"]
[EventType "tourn"]
[EventRounds "11"]
[EventCountry "UKR"]
[SourceTitle "CBM 183 Extra"]
[Source "ChessBase"]
[SourceDate "2018.04.19"]
[SourceVersion "1"]
[SourceVersionDate "2018.04.19"]
[SourceQuality "1"]

1. e4 Nf6 2. e5 Nd5 3. d4 d6 4. c4 Nb6 5. exd6 exd6 6. Nc3 Be7 7. Bd3 Nc6 8. Nge2 Bg4 9. Be3 Bf6 10. h3 Bh5 11. g4 Bg6 12. Bxg6 hxg6 13. b3 Bg5 14. Qd2 Bxe3 15. Qxe3+ Qe7 16. 0-0-0 0-0-0 17. Qxe7 Nxe7 18. Ng3 Rh4 19. Rh2 Rdh8 20. Rdh1 d5 21. c5 Nd7 22. Nd1 f5 23. f3 f4 24. Ne2 g5 25. Re1 Nc6 26. Ng1 Nf6 27. Rd2 Kd7 28. Nf2 Re8 29. Rxe8 Kxe8 30. Kb2 Nd7 31. Ne2 Ne7 32. Nc3 c6 33. Re2 Rh6 34. b4 a6 35. a4 Kd8 36. Na2 b5 37. Kb3 Ng6 38. axb5 axb5 39. Rd2 Nh4 40. Rd3 Re6 41. Nc3 Re1 42. Kc2 Nf8 43. Kd2 Re6 44. Ne2 Kc7 45. Ra3 Kb7 46. Ng1 Nfg6 47. Rc3 Re7 48. Nd3 Re3 1/2-1/2

[Event "UKR-ch U16"]
[Site "Vinnytsia"]
[Date "2018.03.09"]
[Round "4"]
[White "Scherbak, Yaroslav"]
[Black "Gayun, Dmytro"]
[Result "0-1"]
[WhiteElo "2148"]
[BlackElo "2263"]
[PlyCount "76"]
[EventDate "2018.03.07"]
[EventType "tourn"]
[EventRounds "11"]
[EventCountry "UKR"]
[SourceTitle "CBM 183 Extra"]
[Source "ChessBase"]
[SourceDate "2018.04.19"]
[SourceVersion "1"]
[SourceVersionDate "2018.04.19"]
[SourceQuality "1"]

1. e4 d6 2. d4 Nf6 3. Nc3 e5 4. Nf3 Nbd7 5. Bc4 Be7 6. 0-0 0-0 7. Re1 c6 8. a4 Qc7 9. h3 a5 10. Bg5 exd4 11. Nxd4 Nc5 12. Bf4 Be6 13. Bxe6 fxe6 14. e5 Nd5 15. Nxd5 exd5 16. Qg4 Qc8 17. e6 h5 18. Qg3 Ne4 19. Rxe4 dxe4 20. Bxd6 Bxd6 21. Qxd6 Qd8 22. Qxd8 Rfxd8 23. c3 Rd6 24. Re1 Re8 25. Rxe4 c5 26. Nb5 Rdxe6 27. Rf4 Rf8 28. Rc4 Re1+ 29. Kh2 Rxf2 30. Rxc5 Ree2 31. Rg5 Rxb2 32. Nd6 Kh7 33. Ne4 Kh6 34. h4 Rf4 35. Re5 Re2 36. Rxh5+ Kxh5 37. Ng3+ Kxh4 38. Nxe2 Rxa4 0-1

[Event "UKR-ch U20"]
[Site "Mykolaiv"]
[Date "2018.02.26"]
[Round "6"]
[White "Gayun, Dmytro"]
[Black "Nahornyi, Ihor"]
[Result "1-0"]
[WhiteElo "2263"]
[BlackElo "1802"]
[PlyCount "123"]
[EventDate "2018.02.21"]
[EventType "swiss"]
[EventRounds "9"]
[EventCountry "UKR"]
[SourceTitle "CBM 183 Extra"]
[Source "ChessBase"]
[SourceDate "2018.04.19"]
[SourceVersion "1"]
[SourceVersionDate "2018.04.19"]
[SourceQuality "1"]

1. Nf3 Nf6 2. g3 e6 3. Bg2 d5 4. 0-0 Be7 5. d3 0-0 6. Nbd2 Nc6 7. e4 dxe4 8. dxe4 e5 9. b3 Re8 10. Bb2 Bc5 11. Nc4 Qxd1 12. Raxd1 Bg4 13. Rde1 Bxf3 14. Bxf3 Bd4 15. c3 Bc5 16. b4 Bf8 17. Ne3 a5 18. Nd5 Nxd5 19. exd5 Nb8 20. bxa5 Rxa5 21. c4 Bd6 22. a3 Nd7 23. Re3 Ra4 24. Rc1 Bc5 25. Rb3 b6 26. Bd1 Ra5 27. Bc2 Bd6 28. Re1 f6 29. Bf5 Nc5 30. Rbe3 g6 31. Bc2 Rea8 32. Kg2 Na4 33. Ba1 Nc5 34. Bb2 Na4 35. Bc1 Nc5 36. h4 Nd7 37. a4 Nc5 38. h5 Kg7 39. hxg6 hxg6 40. Bd2 R5a6 41. Rh1 Rh8 42. Ra1 Rha8 43. g4 Rh8 44. g5 Rf8 45. gxf6+ Rxf6 46. Rh3 Ra8 47. Rah1 Rg8 48. Bh6+ Kf7 49. Bg5 Rf5 50. Rh7+ Rg7 51. Bxf5 gxf5 52. Rxg7+ Kxg7 53. Ra1 Nb3 54. Rb1 Na5 55. Rc1 Kg6 56. Be3 f4 57. c5 fxe3 58. cxd6 cxd6 59. fxe3 Kf5 60. Kf2 e4 61. Rb1 Ke5 62. Rxb6 1-0

[Event "UKR-ch U20 rapid"]
[Site "Lvov"]
[Date "2017.03.01"]
[Round "7"]
[White "Basko, Bogdan"]
[Black "Gayun, Dmytro"]
[Result "0-1"]
[WhiteElo "2146"]
[BlackElo "2066"]
[PlyCount "72"]
[EventDate "2017.03.01"]
[EventType "swiss (rapid)"]
[EventRounds "9"]
[EventCountry "UKR"]
[SourceTitle "EXT 2018"]
[Source "ChessBase"]
[SourceDate "2017.10.13"]
[SourceVersion "1"]
[SourceVersionDate "2017.10.13"]
[SourceQuality "1"]

1. d4 Nf6 2. Nf3 e6 3. Bg5 Be7 4. c4 d5 5. Nc3 0-0 6. e3 Nbd7 7. Qc2 b6 8. cxd5 exd5 9. Bd3 Bb7 10. 0-0-0 Ne4 11. h4 f5 12. Bf4 c5 13. dxc5 Rc8 14. Bxe4 fxe4 15. Ne5 Nxe5 16. Bxe5 Bxc5 17. Kb1 Qe8 18. Bd4 Qf7 19. Rhf1 Ba6 20. Bxc5 Rxc5 21. f3 Bxf1 22. Rxf1 Qe7 23. h5 exf3 24. gxf3 Qxe3 25. Qg2 Qd3+ 26. Ka1 Rxc3 27. bxc3 Qxc3+ 28. Qb2 Qxb2+ 29. Kxb2 Rf5 30. h6 gxh6 31. Kc3 Rf4 32. Kd3 Kf7 33. Ke3 Ra4 34. Rf2 Kf6 35. Rd2 Ke5 36. Rh2 Ra3+ 0-1

[Event "Lutsk Nebesna Sotnya Memorial rapid"]
[Site "Lutsk"]
[Date "2017.02.18"]
[Round "2"]
[White "Gayun, Dmytro"]
[Black "Bernadskiy, Vitaliy"]
[Result "0-1"]
[WhiteElo "2053"]
[BlackElo "2518"]
[PlyCount "50"]
[EventDate "2017.02.18"]
[EventType "swiss (rapid)"]
[EventRounds "11"]
[EventCountry "UKR"]
[SourceTitle "CBM 176 Extra"]
[Source "ChessBase"]
[SourceDate "2017.03.02"]
[SourceVersion "1"]
[SourceVersionDate "2017.03.02"]
[SourceQuality "1"]

1. Nf3 e6 2. c4 d5 3. e3 Nf6 4. Nc3 a6 5. d4 Nbd7 6. Bd3 dxc4 7. Bxc4 b5 8. Bd3 c5 9. 0-0 Bb7 10. b3 Bd6 11. Bb2 0-0 12. a4 cxd4 13. Nxd4 b4 14. Nce2 Ng4 15. Nf4 Qg5 16. Nf3 Qe7 17. h3 Ngf6 18. Rc1 e5 19. Ng5 exf4 20. Nxh7 Nxh7 21. Bxh7+ Kxh7 22. Qh5+ Kg8 23. Bxg7 Kxg7 24. Qg4+ Kh6 25. exf4 Rg8 0-1

[Event "UKR-ch U14"]
[Site "Vinnytsia"]
[Date "2016.04.07"]
[Round "2"]
[White "Gayun, Dmytro"]
[Black "Levitsky, Andrey"]
[Result "1/2-1/2"]
[WhiteElo "1935"]
[BlackElo "2041"]
[PlyCount "72"]
[EventDate "2016.04.06"]
[EventType "tourn"]
[EventRounds "11"]
[EventCountry "UKR"]
[SourceTitle "CBM 171 Extra"]
[Source "ChessBase"]
[SourceDate "2016.04.26"]
[SourceVersion "1"]
[SourceVersionDate "2016.04.26"]
[SourceQuality "1"]

1. Nf3 c5 2. g3 Nc6 3. Bg2 g6 4. 0-0 Bg7 5. e4 d6 6. d3 Nf6 7. Nbd2 0-0 8. c3 Rb8 9. a4 a6 10. Qe2 Nd7 11. Ne1 Qc7 12. Nc2 b5 13. axb5 axb5 14. Nb3 b4 15. c4 Bb7 16. Rb1 e6 17. f4 Rbe8 18. Nd2 f5 19. b3 e5 20. Bb2 Nd4 21. Qd1 Bh6 22. Nxd4 exd4 23. exf5 Bxg2 24. Kxg2 Rxf5 25. Re1 Rff8 26. Qf3 Nf6 27. Ne4 Bg7 28. Ra1 Nxe4 29. Rxe4 Qb7 30. Rae1 Qd7 31. Bc1 Bf6 32. Rxe8 Rxe8 33. Qd5+ Kg7 34. Rxe8 Qxe8 35. Kf2 Qd7 36. Bd2 Qe7 1/2-1/2